000 00594nam a2200181 a 4500
001 000048391
005 20201002061123.0
008 190219s2016 dr 000 0 spa d
020 _a9789945897968
040 _aDO-SdBNP
_bspa
_cBNPHU
082 _axx
_bxx
100 1 _aMirabal, Yoselman Rodwin
_d1969-
_952438
245 1 0 _aJamartía :
_b10 consejos para no pecar /
_cYoselman Roodwin Mirabal.
260 _aSanto Domingo :
_bProducciones Mirabal,
_c2016.
300 _a90 p. ;
_c22 cm.
500 _aIncluye datos biográficos del autor en la contracubierta
590 _aInventariado, 2019/VM
999 _c47879
_d47879